00505nam a2200181 4500003000500000005001700005008000500022020002300027040001300050041000600063082001600069100000900085245005300094260004900147300003500196521002200231650007000253322820251109015527.0eng  a9780620890002qhbk aRDAcRDA 2E 0a551.69 SARA d2023 aThe Changinging Climate of AfricacSarah Dlamini aCape TownbGreen Earth Publishers,2023c2023 a245 PagesbIllustrationsc25cm aAdult Non Fiction 2Climate, Climate change. Africa Climate, Climate change in Africa